logo

Bir Sreshtho Munshi Abdur Rouf Library
Jhenaidah Cadet College

কপোট্রনিক সুখ দুঃখ / (Record no. 7269)

MARC details
000 -LEADER
fixed length control field 00743nam a2200229 a 4500
001 - CONTROL NUMBER
JCCL Control Number 7269
003 - CONTROL NUMBER IDENTIFIER
JCCL marc code BD-JhCC
005 - DATE AND TIME OF LATEST TRANSACTION
control field 20180207115352.0
008 - FIXED-LENGTH DATA ELEMENTS--GENERAL INFORMATION
fixed length control field 171003s1996 bg a|||| ||a| 000 1 ben d
020 ## - INTERNATIONAL STANDARD BOOK NUMBER
International Standard Book Number 9789848812594
035 ## - SYSTEM CONTROL NUMBER
system control number (BD-JhCC)7269
040 ## - CATALOGING SOURCE
Original cataloging agency BD-JhCC
Modifying agency BD-JhCC
041 ## - LANGUAGE CODE
Language code of Book ben
082 ## - DEWEY DECIMAL CLASSIFICATION NUMBER
Classification number 891.44
Author mark and Year IQB 1996
100 ## - MAIN ENTRY--PERSONAL NAME
Personal name ইকবাল, মুহম্মদ জাফর
245 ## - TITLE STATEMENT
Title কপোট্রনিক সুখ দুঃখ /
Statement of responsibility, etc মুহম্মদ জাফর ইকবাল
260 ## - PUBLICATION, DISTRIBUTION, ETC. (IMPRINT)
Place of publication, distribution, etc ঢাকা :
Name of publisher, distributor, etc জ্ঞানকোষ প্রকাশনী,
Date of publication, distribution, etc 1996.
300 ## - PHYSICAL DESCRIPTION
Pagination ৮৫ পৃ. :
Dimensions ২১ সেমি.
650 ## - SUBJECT ADDED ENTRY--TOPICAL TERM
Topical term or geographic name as entry element Science fiction
942 ## - ADDED ENTRY ELEMENTS (KOHA)
Source of classification or shelving scheme Dewey Decimal Classification
Koha item type Books
Holdings
Source of classification or shelving scheme Damaged status Not for loan Home library Current library Shelving location Date of accession Cost, normal purchase price Total Checkouts Full call number Barcode Date last seen Date checked out Copy number Koha item type
Dewey Decimal Classification     JCC Rouf Library JCC Rouf Library General Stacks 02/07/2018 100.00 1 891.44 IQB 1996 9793 08/21/2023 08/13/2023 C-1 Books

JCC Library | Contacts | JCC Home

Last Update on 23 September 2017
Copyright @ 2017-2020 JCC Rouf Library
Rouf Library, Jhenidah Cadet College (JCC), Bangladesh